| 000 | 00346nam a2200145 a 4500 | ||
|---|---|---|---|
| 001 | 1187 | ||
| 003 | CDMR | ||
| 005 | 20130708121016.0 | ||
| 008 | 130130s1976||||||||||||||||||||||||||||d | ||
| 040 |
_aCDMR _bcat _cCPC GIRONA |
||
| 100 | 1 |
_aSherwood, Hugh C. _9930 |
|
| 245 | 1 | 0 |
_aLa entrevista _cSherwood, Hugh C. |
| 260 |
_c1976 _bATE |
||
| 942 |
_cMON _2udc |
||
| 999 |
_c1187 _d1187 |
||